KOHA-Header-6

Jis Dhaj say koi Maqtal ko Gaya (Record no. 12135)

000 -LEADER
fixed length control field 00275nam a22001217a 4500
082 ## - DEWEY DECIMAL CLASSIFICATION NUMBER
Classification number 938.05
100 ## - MAIN ENTRY--AUTHOR NAME
Personal name Ahmed Saleem
245 ## - TITLE STATEMENT
Title Jis Dhaj say koi Maqtal ko Gaya
260 ## - PUBLICATION, DISTRIBUTION, ETC. (IMPRINT)
Place of publication Karachi
Name of publisher Wahid Art Press
Year of publication 2006
300 ## - PHYSICAL DESCRIPTION
Number of Pages 439
650 ## - SUBJECT ADDED ENTRY--TOPICAL TERM
Topical Term English Fiction
942 ## - ADDED ENTRY ELEMENTS (KOHA)
Koha item type Books
Holdings
Withdrawn status Lost status Collection code Permanent Location Current Location Shelving location Date acquired Full call number Accession Number Koha item type
    Urdu Literature MAJU MAJU   2019-10-30 938.05 9364 Urdu Literature

Powered by Koha